[Event "Mittelrhein Verbandsliga Sued 1920"]
[Site "Mittelrhein"]
[Date "2019.10.27"]
[Round "2.2"]
[White "Hoefer, Severin Paul"]
[Black "Effer Uhe, Daniel"]
[Result "1/2-1/2"]
[WhiteElo "1876"]
[BlackElo "1970"]
[PlyCount "97"]
[EventDate "2019.09.29"]
[EventType "team-tourn"]
[EventRounds "9"]
[EventCountry "GER"]
[SourceTitle "EXT 2023"]
[Source "ChessBase"]
[SourceDate "2022.10.05"]
[SourceVersion "1"]
[SourceVersionDate "2022.10.05"]
[SourceQuality "1"]
[WhiteTeam "Bonn Stadtverwaltung II"]
[BlackTeam "Erftstadt SV"]
[WhiteTeamCountry "GER"]
[BlackTeamCountry "GER"]

1. Nf3 c5 2. b3 d6 3. e3 Nf6 4. Bb5+ Nbd7 5. 0-0 a6 6. Be2 b6 7. Bb2 Bb7 8. c4 g6 9. d4 cxd4 10. exd4 d5 11. Ne5 e6 12. Nd2 Qc7 13. Rc1 dxc4 14. Ndxc4 Bh6 15. Nxf7 Bxc1 16. Ncd6+ Kf8 17. Bxc1 h5 18. Ba3 Kg7 19. Nxh8 Rxh8 20. Nxb7 Qxb7 21. Bf3 Nd5 22. Qe2 Kf7 23. Rc1 N7f6 24. Qc2 Rd8 25. Qc6 Qxc6 26. Rxc6 Rd7 27. Kf1 g5 28. g3 Rc7 29. Rc4 Ke8 30. Bd6 Ra7 31. Bb8 Rd7 32. Be5 Ke7 33. a3 a5 34. Rc6 Ng4 35. Bxd5 Rxd5 36. Rxb6 Nxe5 37. dxe5 Rxe5 38. f3 Kf6 39. Kf2 Rc5 40. Ra6 Rb5 41. h4 gxh4 42. gxh4 Kf5 43. a4 Rxb3 44. Kg3 Ra3 45. Rxa5+ e5 46. Ra8 e4 47. Rf8+ Kg6 48. Rf4 exf3 49. Rxf3 1/2-1/2

[Event "Mittelrhein Verbandsliga Sued 1920"]
[Site "Mittelrhein"]
[Date "2019.09.29"]
[Round "1.2"]
[White "Richter, Dirk2222"]
[Black "Hoefer, Severin Paul"]
[Result "0-1"]
[WhiteElo "2070"]
[BlackElo "1876"]
[PlyCount "136"]
[EventDate "2019.09.29"]
[EventType "team-tourn"]
[EventRounds "9"]
[EventCountry "GER"]
[SourceTitle "EXT 2023"]
[Source "ChessBase"]
[SourceDate "2022.10.05"]
[SourceVersion "1"]
[SourceVersionDate "2022.10.05"]
[SourceQuality "1"]
[WhiteTeam "Siebengebirge"]
[BlackTeam "Bonn Stadtverwaltung II"]
[WhiteTeamCountry "GER"]
[BlackTeamCountry "GER"]

1. c4 e6 2. Nc3 Nf6 3. e4 c5 4. e5 Ng8 5. Nf3 Nc6 6. d4 cxd4 7. Nxd4 Nxe5 8. Ndb5 a6 9. Qa4 Rb8 10. Nd4 Nc6 11. Nf3 Bd6 12. Be2 Nf6 13. 0-0 h6 14. Rd1 Bc7 15. b4 0-0 16. b5 Ne5 17. c5 Nxf3+ 18. Bxf3 Be5 19. Qa3 axb5 20. Rb1 b6 21. Be3 bxc5 22. Bxc5 d6 23. Rxd6 Bxd6 24. Bxd6 b4 25. Bxb4 Re8 26. Rd1 Nd5 27. Nxd5 exd5 28. Bxd5 Be6 29. Bf3 Qb6 30. Bc5 Qb2 31. Qxb2 Rxb2 32. a3 Bb3 33. Ra1 Rc8 34. Be3 Rcc2 35. h3 Ra2 36. Rxa2 Rxa2 37. Bc5 Ba4 38. Be4 g6 39. Kh2 Kg7 40. Bb4 Rxf2 41. Kg3 Re2 42. Bf3 Re3 43. Kf4 Re6 44. Bd5 Rb6 45. Bc3+ f6 46. g3 g5+ 47. Ke3 Bd7 48. h4 gxh4 49. gxh4 Be6 50. Bxe6 Rxe6+ 51. Kf4 Rc6 52. Bb4 Rc4+ 53. Kg3 Kg6 54. Be7 Kf5 55. Kh3 Rc3+ 56. Kh2 Rc7 57. Bd6 Rd7 58. Bc5 Kg4 59. a4 Rd2+ 60. Kh1 Kg3 61. a5 Rd1+ 62. Bg1 f5 63. a6 f4 64. a7 Ra1 65. h5 f3 66. a8Q Rxa8 67. Bh2+ Kh3 68. Bg1 Ra2 0-1